Statistics for Five Highest HDI Countries by Continent

Click here to take the quiz!

General Stats

  • This quiz has been taken 14,818 times
    (2,216 since last reset)
  • The average score is 25 of 30

Answer Stats

ContinentScoreCountry% Correct
North America0.929Canada
98%
North America0.926United States
98%
Oceania0.931New Zealand
97%
Oceania0.944Australia
97%
Asia0.919Japan
95%
Europe0.957Norway
95%
South America0.845Argentina
94%
South America0.851Chile
94%
South America0.777Peru
91%
South America0.817Uruguay
91%
Asia0.938Singapore
91%
Asia0.916South Korea
90%
Oceania0.743Fiji
90%
South America0.767Colombia
89%
Europe0.955Switzerland
89%
Europe0.947Germany
88%
Europe0.949Iceland
85%
Europe0.955Ireland
83%
North America0.814Bahamas
82%
Asia0.911Taiwan
80%
Africa0.748Algeria
77%
North America0.815Panama
76%
Oceania0.826Palau
76%
Oceania0.725Tonga
76%
Africa0.740Tunisia
75%
Africa0.796Seychelles
74%
Asia0.919Israel
73%
Africa0.804Mauritius
70%
North America0.814Barbados
69%
Africa0.735Botswana
47%

Score Distribution

Percentile by Number Answered

Percent of People with Each Score

Your Score History

You have not taken this quiz since the last reset